000 00490nam a2200157 i 4500
001 79120
003 ES-MaACL
005 20230906173914.0
007 t|
008 041019s1973 sp ||||1| spa d
100 1 _aHenares, Domingo.
_962508
245 1 4 _aLos días
_b: (selección de artículos publicados en el diario "La Voz de Albacete" /
_cDomingo Henares.
260 _a[Albacete :
_bLa Voz de Albacete,
_c1973]
300 _a113 p. ;
_c19 cm.
852 _aES-MaACL
_jC-51560
_bR.85149
999 _c79120
_d79120